000 01227nam a2200361 i 4500
003 CO-BoRNBP
005 20250605143609.0
007 ta
008 210812s2015 sp a jrd 000 0 spa d
020 _a9788494303869
040 _aCO-BoRNBP
_bspa
_erda
_cCO-BoRNBP
041 0 _aspa
082 0 4 _aR 551.4603
_bH25m
_223
082 0 4 _a551.46
_bH25m
_223
100 1 _aHenriques, Ricardo
_eautor
_959851
245 1 0 _aMar
_ctextos de Ricardo Henriques ; ilustraciones de André Letria ; traducción y adaptación Beatriz Peña Trujillo
250 _aPrimera edición
264 1 _aBarcelona, España
_bEdiciones Ekaré
_c2015
300 _a56 páginas
_bilustraciones a color
_c34 cm
336 _atexto
_btxt
_2rdacontent
337 _asin mediación
_bn
_2rdamedia
338 _avolumen
_bnc
_2rdacarrier
500 _aIncluye actividario
521 _aRecomendado para un público mayor de 12 años
650 0 4 _aRecursos marinos
_2LEMB
_923483
650 0 0 _aAnimales acuáticos.
_2LEMB
650 0 4 _aOcéano
_2LEMB
650 0 0 _aAbecedarios
_2LEMB
_959852
650 0 4 _aMundo submarino
_2LEMB
700 1 _aPeña Trujillo, Beatriz
_etraductora
700 1 _aLetria, André
_d1973-
_eilustrador
_959853
942 _2ddc
_cREF
999 _c57197
_d57197